Education studies : (رقم التسجيلة. 14303)

تفاصيل مارك
000 -الفاتح
حقل البيانات ثابتة الطول 01082pam a2200337 a 4500
001 - رقم الضبط
رقم الضبط 014056945
003 - محدد رقم الضبط
رقم الضبط Uk
005 - وقت وتاريخ اخر تعامل مع التسجيلة
رقم الضبط 20150408113918.0
008 - عناصر البيانات ثابتة الطول - معلومات عامة
حقل البيانات ثابتة الطول 070924s2009 enka b 001 0 eng d
015 ## - رقم الببليوجرافية الوطنية
رقم الببليوجرافية الوطنية GBA781387
المصدر bnb
020 ## - الرقم الدولى المعيارى للكتب
الرقم الدولى المعيارى للكتاب 9780335223503 (hbk.) :
شروط الاتاحة £60.00
020 ## - الرقم الدولى المعيارى للكتب
الرقم الدولى المعيارى للكتاب 0335223508 (hbk.) :
شروط الاتاحة £60.00
020 ## - الرقم الدولى المعيارى للكتب
الرقم الدولى المعيارى للكتاب 9780335223510 (pbk.) :
شروط الاتاحة £19.99
020 ## - الرقم الدولى المعيارى للكتب
الرقم الدولى المعيارى للكتاب 0335223516 (pbk.) :
شروط الاتاحة £19.99
040 ## - مصدر الفهرسة
وكالة الفهرسة الأصلية StDuBDS
لغة الفهرسة eng
وكالة النسخ StDuBDS
وكالة التعديل Uk
042 ## - رمز التحقق
رمز التحقق ukblcatcopy
082 04 - رقم تصنيف ديوى العشرى
رقم التصنيف 370
رقم الطبعة 22
رقم المادة MLE
100 1# - المدخل الرئيسى - إسم شخصى
الإسم الشخصى Murphy, Lisa.
9 (RLIN) 4133
245 10 - بيان العنوان
العنوان Education studies :
بقية العنوان an introduction /
بيان المسئوليه,etc Lisa Murphy, Emmanuel Mufti and Derek Kassem.
260 ## - PUBLICATION, DISTRIBUTION, ETC. (IMPRINT)
مكان الناشر او الموزع Maidenhead :
اسم الناشر او الموزع Open University Press,
تاريخ النشر أو التوزيع 2009.
300 ## - الوصف المادى
التعداد 201 p. :
تفاصيل ماديه اخرى للوعاء ill. ;
أبعاد الوعاء 25 cm.
500 ## - تبصرة عامة
تبصرة عامة Formerly CIP.
الهيئة التي ينطبق عليها الحقل Uk
504 ## - تبصرة ببليوجرافية
تبصرة ببليوجرافية,الخ Includes bibliographical references (p. [177]-195) and index.
650 #0 - المدخل الاضافى بالموضوع-مصطلح موضوعى
مصطلح موضوعي أو اسم جغرافي كعنصر مدخل Education.
9 (RLIN) 4054
650 #0 - المدخل الاضافى بالموضوع-مصطلح موضوعى
مصطلح موضوعي أو اسم جغرافي كعنصر مدخل Learning.
9 (RLIN) 4166
650 #0 - المدخل الاضافى بالموضوع-مصطلح موضوعى
مصطلح موضوعي أو اسم جغرافي كعنصر مدخل Teaching.
700 1# - المدخل الاضافى - اسم شخصى
الإسم الشخصى Mufti, Emmanuel.
9 (RLIN) 4136
700 1# - المدخل الاضافى - اسم شخصى
الإسم الشخصى Kassem, Derek.
9 (RLIN) 4137
942 ## - عناصر المدخل الإضافي( كوها)
مصدر التصنيف او مخطط الترفيف Dewey Decimal Classification
Koha [default] item type DVD
المقتنيات
حالة الفقد نموذج السعر الفعال حالة تلف ليس للاعارة رقم الطلب تاريخ الاكتساب الموقع الحالي الباركود الفرع الرئيسي Date last seen نوع المادة فى نظام كوها مصدر التصنيف او خطة الترفيف Total Checkouts
  2013-03-10     370 MLE 2011-09-10 قسم الاجراءات الفنية (IC) 00101516 قسم الاجراءات الفنية (IC) 2013-03-10 كتاب Dewey Decimal Classification  
  2013-03-10     370 MLE 2011-09-10 قسم الاجراءات الفنية (IC) 00101517 قسم الاجراءات الفنية (IC) 2013-03-10 كتاب Dewey Decimal Classification